000 00554nam a2200229 a 4500
001 nice12345678
003 IN_TiNIC
005 20260116014556.0
008 050524s2001 newa grp 000 0 urd
020 _a
_c140
082 0 0 _a297.124
_bSAL
100 _aSaleh, Subhi
245 _aUloomul Hadees
260 _aNew Delhi
_bIslamic Book Foundation
_c2001
300 _a452p
500 _aincludes index and biblioraphy
505 2 _aIndex, Quranic Verses
650 _aHadith-Criticism
902 _bSRS
942 _cBK
999 _c16045
_d16045